书目信息 |
| 题名: |
古籍版本知识500问
|
|
| 作者: | 李致忠 编著 | |
| 分册: | ||
| 出版信息: | 北京 北京图书馆出版社 2001.03 |
|
| 页数: | 357页 | |
| 开本: | 24cm | |
| 丛书名: | ||
| 单 册: | ||
| 中图分类: | G256.22 | |
| 科图分类: | ||
| 主题词: | ||
| 电子资源: | ||
| ISBN: | 978-7-5013-1722-6 | |
| 000 | 00557nam0 2200169 450 | |
| 001 | 202410212550232255 | |
| 005 | 20241021141221.68 | |
| 010 | @a978-7-5013-1722-6@d¥24.00 | |
| 100 | @a20241021d km y0chiy0120 ea | |
| 101 | 0 | @achi |
| 200 | 1 | @a古籍版本知识500问@AGu Ji Ban Ben Zhi Shi 500 Wen@f李致忠编著@FLi Zhi Zhong Bian Zhu |
| 210 | @a北京@c北京图书馆出版社@d2001.03 | |
| 215 | @a357页@d24cm | |
| 690 | @aG256.22@v4 | |
| 701 | 0 | @a李致忠@ALi Zhi Zhong@4编著 |
| 801 | 0 | @aCN@b大连网信软件有限公司图书馆·11@c20241021 |
| 905 | @aZUCC@b7509974@dG256.22@e129@f1 | |
| 古籍版本知识500问/李致忠编著.-北京:北京图书馆出版社,2001.03 |
| 357页;24cm |
| ISBN 978-7-5013-1722-6:¥24.00 |
| ● |
| 相关链接 |
|
|
|
|
正题名:古籍版本知识500问
索取号:G256.22/129
 
预约/预借
| 序号 | 登录号 | 条形码 | 馆藏地/架位号 | 状态 | 备注 |
| 1 | 7509974 | 275099741 | 密集书库-史法系/ [索取号:G256.22/129] | 在馆 |